| 000 | 01459nam a22003137a 4500 | ||
|---|---|---|---|
| 999 |
_c29463 _d29434 |
||
| 003 | EG-ScBUE | ||
| 005 | 20210923100229.0 | ||
| 008 | 210923s2007 ua f b 000 0 ara d | ||
| 017 | _a2006/21937 | ||
| 020 | _a9770450561 | ||
| 040 |
_aEG-ScBUE _bara _erda _cEG-ScBUE _dEG-ScBUE |
||
| 043 | _aar----- | ||
| 082 | 0 | 4 |
_a297.577 _bغ ز ا _222 |
| 100 | 1 |
_aالغزالي، أحمد بخيت، _eمؤلف. |
|
| 245 | 1 | 2 |
_aالعطايا والتركات في الفقه الإسلامي وما يجرى عليه العمل في دول مجلس التعاون الخليجي / _cد. أحمد بخيت الغزالي، أستاذ مشارك الدراسات الشرعية والإسلامية بجامعتي بني سويف والبحرين. |
| 264 | 1 |
_aالقاهرة : _bدار النهضة العربية، _c2007. |
|
| 300 |
_a402 صفحة ؛ _c24 سم |
||
| 336 |
_2rdacontent _aنص _btxt |
||
| 337 |
_2rdamedia _aبدون وسيط _bn |
||
| 338 |
_2rdacarrier _aمجلد _bnc |
||
| 504 | _aيشتمل على إرجاعات ببليوجرافية. | ||
| 541 | _cDonation. | ||
| 650 | 7 |
_aالتركات _zدول مجلس التعاون الخليجي. _2BUEsh |
|
| 650 | 7 |
_aالفقه الإسلامي _zدول مجلس التعاون الخليجي. _2BUEsh |
|
| 650 | 7 |
_aالوصايا (فقه إسلامى) _zدول مجلس التعاون الخليجي. _2BUEsh |
|
| 653 |
_bGGEN _cSeptember2021 |
||
| 655 |
_vReading book _934232 |
||
| 942 | _2ddc | ||